000 00483nam a2200169 u 4500
001 000020336
005 20200929170354.0
008 100813s1981 mx a 000 0 spa d
020 _a9684191847
040 _aDO-SdBNP
_bspa
_cBNPHU
082 _axxxxxxxx
_bxxxxxxxx
100 1 _aDel Rio, Eduardo
_942987
245 1 0 _aLenin para principiantes /
_cEduardo Del Rio.
260 _aMéxico :
_bGrijaldo,
_c1981.
300 _a165 p. :
_bil. ;
_c23 cm.
504 _aBibliografĂ­as : p. 163
999 _c19840
_d19840